000 00265nam a22001097a 4500
008 170124b xxu||||| |||| 00| 0 eng d
020 _a9781558102453
041 _aeng
080 _a618.2
245 _aRADIOLOGY NURSING
_cAMERICAN NURSES ASSOCIATION
942 _2udc
_cBK
999 _c3555
_d3555